| 000 | 00729nam a2200205 4500 | ||
|---|---|---|---|
| 008 | 171205b xxu||||| |||| 00| 0 eng d | ||
| 020 | _a0781721873 | ||
| 082 |
_22001 _aDC 610.73 _bP34 |
||
| 245 |
_aPediatric nursing / _c edited by Mary E. Muscari. |
||
| 250 | _aThird edition. | ||
| 260 |
_aPhiladelphia : _bLippincott, _c©2001. |
||
| 300 |
_axiv, 414 pages ; _c22 cm. |
||
| 440 |
_924060 _aLippincott's review series. |
||
| 500 | _aIncludes bibliographical references and index. | ||
| 650 | 0 |
_924063 _aPediatric nursing _xExaminations, questions, etc. |
|
| 650 | 0 |
_924067 _aPediatric Nursing. |
|
| 650 | 0 |
_924066 _aPediatric nursing _xOutlines, syllabi, etc. |
|
| 700 |
_924069 _aMuscari, Mary E.,editor. |
||
| 942 |
_2ddc _cDC |
||
| 999 |
_c7883 _d7883 |
||